000 00600nam a2200181 i 4500
001 41256
003 ES-MaACL
005 20230906160412.0
007 t|
008 030310s1932 po ||||1| por d
100 1 _aCarvalho, Antonio Pedro de.
_935954
245 1 0 _aPolítica social :
_b(bases para una organizacao de servicios sociais em Portugal) /
_cAntonio de Carvalho.
260 _aLisboa :
_b[s.n.,
_c1932] (
_fLucas R. E.)
300 _a201 p. ;
_c19 cm.
650 4 _aServicios sociales-
_zPortugal.
_9173553
651 4 _aPortugal-
_xPolítica social.
_9173552
852 _aES-MaACL
_jB-12534
999 _c41256
_d41256